Scrivi la Regione Italiana valida - Statistics

Statistiche generali
  • Questo quiz è stato fatto 8.384 volte
  • Il punteggio medio è 16 su 20
Statistiche sulle risposte
Nome di una Regione... Regione Valida % Corretto
...che non confina con nessun'altra Regione Sicilia | Sardegna
99%
...che hanno vulcani attivi o dormienti Campania | Sicilia
98%
...che confina con uno Stato Straniero Liguria | Piemonte | Valle d'Aosta | Lombardia | Trentino Alto Adige | Veneto | Friuli Venezia Giulia | Emilia Romagna | Marche | Lazio
97%
...con più di una parola Valle d'Aosta | Trentino Alto Adige | Friuli Venezia Giulia | Emilia Romagna
97%
...che non è bagnata dal mare Piemonte | Valle d'Aosta | Lombardia | Trentino Alto Adige | Umbria
96%
...bagnata dal mar Ionio Puglia | Basilicata | Calabria | Sicilia
92%
...che è attraversata dal Po Piemonte | Lombardia | Emilia Romagna | Veneto
89%
...a Statuto Speciale Valle d'Aosta | Trentino Alto Adige | Friuli Venezia Giulia | Sicilia | Sardegna
87%
...che ha 5 province Lazio | Marche | Campania | Calabria | Sardegna
86%
...che non ha mai avuto una squadra in Serie A Valle d'Aosta | Trentino Alto Adige | Molise | Basilicata
81%
...il cui territorio fu abitato dagli Etruschi Lombardia | Veneto | Emilia Romagna | Toscana | Umbria | Lazio | Campania
80%
...che ha dato i natali ad un Nobel della Letteratura Liguria | Toscana | Lombardia | Sicilia | Sardegna
75%
...che ha una provincia che inizia per "I" Liguria | Molise
72%
...a est del 15° meridiano E Molise | Puglia | Campania | Basilicata | Calabria | Sicilia
72%
...che ha un nome al plurale Marche
65%
...con meno di 100 comuni Umbria | Valle d'Aosta
63%
...con una superficie minore del Delaware (6.446 km²) Liguria | Molise | Valle d'Aosta
56%
...con un PIL pro capite sopra i 20 000 € ma sotto i 30 000€ (anno 2017) Liguria | Marche | Abruzzo | Umbria | Sardegna | Basilicata
54%
...non esistente fino al 1963 Molise
54%
...con più ragazze insignite del titolo di Miss Italia Lazio
39%
Nessun quiz corrispondente trovato
Distribuzione punteggi
Percentuale di utenti per punteggio
Percentile per numero di risposta
I tuoi punteggi nel tempo
Non hai fatto questo quiz